| 000 | 01075nam a2200289 i 4500 | ||
|---|---|---|---|
| 001 | 13561 | ||
| 003 | KOSZ 005 | ||
| 005 | 20220113081816.0 | ||
| 008 | 071124s1971 pl a f 000 0 pol | ||
| 015 | _aPB 1971/2078 | ||
| 040 |
_aWA N _cWA N _dKOSZ 005/KK |
||
| 080 | _a621.31:331.82 | ||
| 100 | 1 |
_aŚwierżewski, Michał _eAutor |
|
| 245 | 1 | 0 |
_aEksploatacja urządzeń elektrycznych w przestrzeniach zagrożonych wybuchem : _bzasady bezpiecznej pracy / _cMichał Świerżewski. |
| 260 |
_aWarszawa : _bWydawnictwo Związkowe CRZZ, _c1971. |
||
| 300 |
_a74, [2] strony : _bilustracje, errata ; _c23 cm. |
||
| 336 |
_2rdacontent _aTekst _btxt |
||
| 337 |
_2rdamedia _aBez urządzenia pośredniczącego _bn |
||
| 338 |
_2rdacarrier _aWolumin _bnc |
||
| 380 | _aKsiążki. | ||
| 658 | _aInżynieria i technika | ||
| 650 | 4 | _aElektrotechnika | |
| 650 | 4 | _aWybuch | |
| 710 |
_aWydawnictwo Związkowe CRZZ _4pbl. |
||
| 856 |
_uhttp://koha.tu.koszalin.pl/cgi-bin/koha/opac-detail.pl?biblionumber=13561 _yKatalog online BPK |
||
| 942 |
_2UKD _cKS |
||
| 999 |
_c13561 _d13561 |
||